The noble scholar, jurist, historian


 His Excellency Dr. Abdul Wahhab bin Ibrahim Abu Sulaiman, may Allah have mercy on him.


 He was born in Umm Al-Qura in the year 1356 AH.

كتاب تنبيه النبيه والغبي / (Record no. 14940)

MARC details
000 -LEADER
fixed length control field 01739cam a2200289 i 4500
003 - CONTROL NUMBER IDENTIFIER
control field SA-RiAUC
005 - DATE AND TIME OF LATEST TRANSACTION
control field 20260512141409.0
008 - FIXED-LENGTH DATA ELEMENTS--GENERAL INFORMATION
fixed length control field 260428s1909 ua g 000r0aara c
040 ## - CATALOGING SOURCE
Original cataloging agency SA-JeALM
Language of cataloging ara
Transcribing agency SA-RiAUC
Description conventions rda
082 04 - DEWEY DECIMAL CLASSIFICATION NUMBER
Classification number 216
Assigning agency SA-RiAUC
090 ## - LOCALLY ASSIGNED LC-TYPE CALL NUMBER (OCLC); LOCAL CALL NUMBER (RLIN)
Classification number (OCLC) (R) ; Classification number, CALL (RLIN) (NR) م ن 216
Local cutter number (OCLC) ; Book number/undivided call number, CALL (RLIN) ا ب ن ع
100 1# - MAIN ENTRY--PERSONAL NAME
Personal name ابن عيسى، أحمد بن إبراهيم بن حمد،
Dates associated with a name 1253-1329 هجري
Relator term مؤلف.
245 10 - TITLE STATEMENT
Title كتاب تنبيه النبيه والغبي /
Statement of responsibility, etc. تأليف أحمد بن إبراهيم بن عيسى النجدي. ويليه رسالة في زيارة القبور / للإمام البركوي.
246 ## - VARYING FORM OF TITLE
Title proper/short title تنبيه النبيه والغبي
264 #1 - PRODUCTION, PUBLICATION, DISTRIBUTION, MANUFACTURE, AND COPYRIGHT NOTICE
Place of production, publication, distribution, manufacture القاهرة :
Name of producer, publisher, distributor, manufacturer مطبعة كردستان العلمية،
-- فرج الله زكي الكردي.
Date of production, publication, distribution, manufacture, or copyright notice 1909
300 ## - PHYSICAL DESCRIPTION
Extent من 233 الى 518 صفحة ؛
Dimensions 29 سم.
336 ## - CONTENT TYPE
Content type term نص
Content type code txt
Source rdacontent
Materials specified كتاب
337 ## - MEDIA TYPE
Media type term بدون وسيط
Media type code n
Source rdamedia
501 ## - WITH NOTE
With note مع : الرد الوافر علي من زعم أن من سمي ابن تيمية شيخ الإسلام كافر / لأبي عبد الله شمس الدين محمد بن أبي بكر بن ناصر الدين الشافعي.
650 #7 - SUBJECT ADDED ENTRY--TOPICAL TERM
Topical term or geographic name entry element الإسلام
General subdivision دفع مطاعن
Source of heading or term aucsh
700 12 - ADDED ENTRY--PERSONAL NAME
Personal name البركلي، محمد بن بير علي بن إسكندر،
Dates associated with a name 929-981 هجري
Title of a work رسالة في زيارة القبور.
700 12 - ADDED ENTRY--PERSONAL NAME
Personal name ابن ناصر الدين، محمد بن عبد الله بن محمد،
Dates associated with a name 777-842 هجري
740 22 - ADDED ENTRY--UNCONTROLLED RELATED/ANALYTICAL TITLE
Uncontrolled related/analytical title الرد الوافر علي من زعم أن من سمي ابن تيمية شيخ الإسلام كافر.
740 02 - ADDED ENTRY--UNCONTROLLED RELATED/ANALYTICAL TITLE
Uncontrolled related/analytical title رسالة في زيارة القبور.
942 ## - ADDED ENTRY ELEMENTS (KOHA)
Source of classification or shelving scheme Dewey Decimal Classification
Koha item type كتاب مصور نادر
Suppress in OPAC No
949 ## - LOCAL PROCESSING INFORMATION (OCLC)
a SA-JeALM
d 260428
u osman123
n 1
Holdings
Withdrawn status Lost status Source of classification or shelving scheme Damaged status Not for loan Home library Current library Date acquired Total checkouts Full call number Barcode Date last seen Price effective from Koha item type
    Dewey Decimal Classification     DR AbdElwahab Library DR AbdElwahab Library 05/12/2026   م ن 216 ا ب ن ع 000023566 05/12/2026 05/12/2026 كتاب مصور نادر